AEW Dynasty 2025 Card - Statistics

General Stats
  • This quiz has been taken 53 times
  • The average score is 24 of 35
Answer Stats
Answer % Correct
Jon Moxley
100%
Swerve Strickland
92%
Will Ospreay
92%
Toni Storm
90%
Mercedes Moné
87%
Adam Cole
85%
Bandido
85%
Chris Jericho
85%
Kenny Omega
85%
Wheeler Yuta
85%
Claudio Castagnoli
82%
Daniel Garcia
82%
PAC
82%
Ricochet
79%
Cash Wheeler
77%
Dax Harwood
77%
Mike Bailey
77%
Bobby Lashley
74%
Cope
74%
Kyle Fletcher
74%
Shelton Benjamin
72%
Mark Briscoe
67%
Kevin Knight
62%
Megan Bayne
62%
Big Bill
54%
Bryan Keith
54%
Julia Hart
54%
Max Castor
54%
Anthony Bowens
46%
Lio Rush
38%
AR Fox
36%
Dante Martin
36%
Darius Martin
36%
Nick Wayne
33%
Action Andretti
31%
No matching quizzes found
Score Distribution
Percent of People with Each Score
Percentile by Number Answered
Your Score History
You have not taken this quiz